[Event "RLP Seniors op 17th"]
[Site "Neustadt an der Weinstrasse"]
[Date "2019.07.25"]
[Round "6"]
[White "Szenetra, Werner"]
[Black "Loos, Udo"]
[Result "0-1"]
[WhiteElo "2209"]
[BlackElo "2017"]
[PlyCount "106"]
[EventDate "2019.07.20"]
[EventType "swiss"]
[EventRounds "9"]
[EventCountry "GER"]
[SourceTitle "CBM 192 Extra"]
[Source "Chessbase"]
[SourceDate "2019.11.06"]
[SourceVersion "1"]
[SourceVersionDate "2019.11.06"]
[SourceQuality "1"]

1. Nf3 c5 2. g3 g6 3. Bg2 Bg7 4. d3 Nc6 5. 0-0 d6 6. e4 e5 7. c3 Nge7 8. a3 a5 9. a4 0-0 10. Na3 h6 11. Nb5 Be6 12. Re1 d5 13. d4 dxe4 14. Nxe5 f5 15. Nd3 cxd4 16. Nc5 Bc8 17. cxd4 Nxd4 18. Bxh6 Bxh6 19. Nxd4 Qd5 20. Qb3 b6 21. Bf1 Qxb3 22. Ncxb3 Bb7 23. Bc4+ Bd5 24. Bxd5+ Nxd5 25. Nc6 Rac8 26. Rad1 Rxc6 27. Rxd5 Bg7 28. Nd4 Bxd4 29. Rxd4 Rfc8 30. Red1 Rc1 31. Kf1 Rxd1+ 32. Rxd1 Rc6 33. Rd7 Rc1+ 34. Ke2 Rc2+ 35. Rd2 Rc4 36. Rd6 Rb4 37. Rxg6+ Kf7 38. Rc6 Rxb2+ 39. Ke3 Rb3+ 40. Kd4 Rf3 41. Rc2 Kf6 42. Rc6+ Kg5 43. h4+ Kh5 44. Rxb6 Rxf2 45. Ra6 Kg4 46. Rxa5 Rd2+ 47. Ke3 Rd3+ 48. Ke2 Rxg3 49. Ra8 Ra3 50. a5 f4 51. Rg8+ Kxh4 52. Re8 Ra2+ 53. Kd1 e3 0-1

[Event "RLP Seniors op 17th"]
[Site "Neustadt an der Weinstrasse"]
[Date "2019.07.23"]
[Round "4"]
[White "Jacob, Helmut"]
[Black "Loos, Udo"]
[Result "1/2-1/2"]
[WhiteElo "2131"]
[BlackElo "2017"]
[PlyCount "160"]
[EventDate "2019.07.20"]
[EventType "swiss"]
[EventRounds "9"]
[EventCountry "GER"]
[SourceTitle "CBM 192 Extra"]
[Source "Chessbase"]
[SourceDate "2019.11.06"]
[SourceVersion "1"]
[SourceVersionDate "2019.11.06"]
[SourceQuality "1"]

1. e4 c5 2. d4 cxd4 3. c3 Nf6 4. e5 Nd5 5. Nf3 Nc6 6. cxd4 d6 7. Bc4 Nb6 8. Bb5 a6 9. Bxc6+ bxc6 10. Qc2 Bb7 11. 0-0 e6 12. Bg5 Be7 13. Bxe7 Qxe7 14. Qb3 Nc8 15. Nbd2 d5 16. Qa4 0-0 17. Rac1 Rb8 18. Qa5 Qd8 19. Nb3 Qxa5 20. Nxa5 Ne7 21. a3 Ba8 22. b4 Rb6 23. Nd2 Nf5 24. Ndb3 f6 25. Rfe1 fxe5 26. Rxe5 Re8 27. Kf1 Kf7 28. Ke2 Re7 29. Kd3 Nh4 30. Rg1 Ng6 31. Ree1 Bb7 32. g3 Bc8 33. f4 Nf8 34. Rc1 Bd7 35. Nc5 Be8 36. Ke3 Nd7 37. Nd3 Kg8 38. Rxc6 Rxc6 39. Nxc6 Rf7 40. Rc1 Nb6 41. Nce5 Re7 42. Rc5 Bb5 43. Nb2 g6 44. Kd2 Kg7 45. Kc3 Kf6 46. Kb3 Kf5 47. a4 Be8 48. b5 axb5 49. axb5 Ke4 50. Kc3 Ra7 51. Ng4 Kf5 52. Nf2 Ra5 53. Kb4 Ra2 54. Nbd3 Ra4+ 55. Kc3 Ra5 56. Rc7 Rxb5 57. Re7 Na4+ 58. Kd2 Rb8 59. Rxh7 Nb6 60. Ke2 Nc4 61. g4+ Kf6 62. g5+ Kf5 63. Kf3 Nd2+ 64. Kg2 Ne4 65. Re7 Nxf2 66. Kxf2 Ke4 67. Nc5+ Kf5 68. Nxe6 Rb2+ 69. Ke1 Bb5 70. Rf7+ Kg4 71. Kd1 Rxh2 72. f5 gxf5 73. g6 Be8 74. Rg7 Rh6 75. Nf8 Kh5 76. Ne6 Bxg6 77. Nf4+ Kg5 78. Nxd5 Rh7 79. Rxh7 Bxh7 80. Ke2 Bg8 1/2-1/2

[Event "RLP Seniors op 17th"]
[Site "Neustadt an der Weinstrasse"]
[Date "2019.07.21"]
[Round "2"]
[White "Zens, Rolf"]
[Black "Loos, Udo"]
[Result "0-1"]
[WhiteElo "1879"]
[BlackElo "2017"]
[PlyCount "122"]
[EventDate "2019.07.20"]
[EventType "swiss"]
[EventRounds "9"]
[EventCountry "GER"]
[SourceTitle "CBM 192 Extra"]
[Source "Chessbase"]
[SourceDate "2019.11.06"]
[SourceVersion "1"]
[SourceVersionDate "2019.11.06"]
[SourceQuality "1"]

1. c4 c5 2. g3 g6 3. Bg2 Bg7 4. Nc3 Nc6 5. Nf3 d6 6. Rb1 e5 7. 0-0 Nge7 8. d3 0-0 9. a3 a5 10. e4 Rb8 11. Ne1 Bd7 12. h3 Nd4 13. Be3 b5 14. cxb5 Nxb5 15. Ne2 Nc6 16. Nc2 Nc7 17. Qd2 Na6 18. Bh6 Rb7 19. Bxg7 Kxg7 20. f4 f6 21. Ne3 Be6 22. Nc3 Qd7 23. f5 Bg8 24. h4 Qd8 25. Ng4 Kh8 26. Nd5 Rg7 27. Nh6 Bxd5 28. exd5 Nd4 29. Kh2 g5 30. Be4 Qe8 31. g4 a4 32. Qf2 Qe7 33. Rh1 Rc8 34. Rhf1 Rc7 35. Rbc1 Qd7 36. Qe1 Nb8 37. hxg5 Rxg5 38. Qh4 Nb3 39. Rc2 Qb5 40. Kg3 Nd4 41. Rd2 Qa5 42. Rh2 Rcg7 43. Qh3 Nd7 44. Qg2 Nb6 45. Rc1 Nc8 46. Rh4 Ne7 47. Kh3 Qd8 48. Qf2 Qa5 49. Rh5 Rxh5+ 50. gxh5 Ng8 51. Ng4 Rg5 52. Kh4 h6 53. Nh2 Ne7 54. Nf3 Nexf5+ 55. Kh3 Rxh5+ 56. Kg2 Nxf3 57. Bxf3 Rg5+ 58. Kh1 Kg7 59. Rg1 Qd8 60. Be4 Nd4 61. Rg3 Qd7 0-1

[Event "Rheinland Pfalz op Seniors 15th"]
[Site "Neustadt an der Weinstrasse"]
[Date "2017.07.19"]
[Round "5"]
[White "Loos, Udo"]
[Black "Hellwege, Werner"]
[Result "1-0"]
[WhiteElo "2010"]
[BlackElo "1939"]
[PlyCount "45"]
[EventDate "2017.07.15"]
[EventType "swiss"]
[EventRounds "9"]
[EventCountry "GER"]
[SourceTitle "EXT 2018"]
[Source "ChessBase"]
[SourceDate "2017.10.13"]
[SourceVersion "1"]
[SourceVersionDate "2017.10.13"]
[SourceQuality "1"]

1. c4 Nf6 2. Nc3 e6 3. e4 c5 4. g3 d6 5. Bg2 Nc6 6. Nge2 Qb6 7. 0-0 a6 8. d3 g6 9. Rb1 Bg7 10. a3 0-0 11. h3 Bd7 12. Be3 Nd4 13. b4 Nxe2+ 14. Nxe2 Qc7 15. bxc5 dxc5 16. e5 Qxe5 17. Bf4 Qh5 18. g4 Qh4 19. Qd2 h6 20. Bg3 Qg5 21. f4 Ne4 22. dxe4 Qe7 23. Rxb7 1-0

[Event "Oberliga Sued W 1112"]
[Site "Germany"]
[Date "2012.04.15"]
[Round "9"]
[White "Loos, Udo"]
[Black "Jurkic, Bosiljko"]
[Result "1/2-1/2"]
[WhiteElo "2033"]
[BlackElo "2090"]
[PlyCount "38"]
[EventDate "2011.09.25"]
[EventType "team-tourn"]
[EventRounds "9"]
[EventCountry "GER"]
[SourceTitle "EXT 2013"]
[Source "ChessBase"]
[SourceDate "2012.11.22"]
[SourceVersion "1"]
[SourceVersionDate "2012.11.22"]
[SourceQuality "1"]
[WhiteTeam "Frankenthal"]
[BlackTeam "Schott Mainz II"]
[WhiteTeamCountry "GER"]
[BlackTeamCountry "GER"]

1. c4 Nf6 2. Nc3 e6 3. e4 d5 4. e5 Ne4 5. Nf3 Nc6 6. cxd5 exd5 7. d3 Nc5 8. d4 Ne4 9. a3 Bg4 10. Be2 Be7 11. Be3 0-0 12. 0-0 Qd7 13. Qc2 Nxc3 14. bxc3 f6 15. c4 fxe5 16. cxd5 Bxf3 17. Bxf3 Nxd4 18. Bxd4 exd4 19. Qb3 Bd6 1/2-1/2

[Event "Oberliga Sued W 1112"]
[Site "Germany"]
[Date "2012.02.26"]
[Round "7"]
[White "Vogel, Johannes"]
[Black "Loos, Udo"]
[Result "1/2-1/2"]
[WhiteElo "2102"]
[BlackElo "2033"]
[PlyCount "101"]
[EventDate "2011.09.25"]
[EventType "team-tourn"]
[EventRounds "9"]
[EventCountry "GER"]
[SourceTitle "EXT 2013"]
[Source "ChessBase"]
[SourceDate "2012.11.22"]
[SourceVersion "1"]
[SourceVersionDate "2012.11.22"]
[SourceQuality "1"]
[WhiteTeam "Landau"]
[BlackTeam "Frankenthal"]
[WhiteTeamCountry "GER"]
[BlackTeamCountry "GER"]

1. e4 c5 2. Nf3 g6 3. d4 cxd4 4. Qxd4 Nf6 5. e5 Nc6 6. Qa4 Nd5 7. Qb3 Nc7 8. Bc4 Ne6 9. Bxe6 dxe6 10. Nc3 Bg7 11. Bd2 0-0 12. 0-0-0 Qc7 13. Qc4 a6 14. h4 b5 15. Qc5 h5 16. Nd4 Bb7 17. Rhe1 Rac8 18. Nxc6 Qxc6 19. Qxc6 Bxc6 20. f3 Rfd8 21. Bf4 Kf8 22. Ne4 Rxd1+ 23. Kxd1 Rd8+ 24. Kc1 Rd5 25. Ng5 Rd4 26. g3 Ke8 27. Ne4 Bxe4 28. Rxe4 Rxe4 29. fxe4 Kd7 30. Kd2 f6 31. Kd3 g5 32. Be3 gxh4 33. gxh4 fxe5 34. c4 Kc6 35. cxb5+ axb5 36. b3 Bf6 37. Bf2 Bg7 38. Be3 Bf6 39. Bg5 Kc5 40. a3 Kc6 41. Kd2 Kc5 42. Be3+ Kc6 43. Bf2 Bg7 44. Kc3 Bh6 45. a4 Bc1 46. a5 Ba3 47. a6 Bd6 48. Be3 Kc7 49. Bf2 Kc6 50. Be3 Kc7 51. Bf2 1/2-1/2

[Event "Oberliga Sued W 1011"]
[Site "Germany"]
[Date "2011.04.10"]
[Round "9.8"]
[White "Loos, Udo"]
[Black "Silber, Gerhard"]
[Result "1/2-1/2"]
[WhiteElo "2025"]
[BlackElo "2129"]
[PlyCount "51"]
[EventDate "2010.10.10"]
[EventType "team-tourn"]
[EventRounds "9"]
[EventCountry "GER"]
[SourceTitle "EXT 2012"]
[Source "ChessBase"]
[SourceDate "2011.11.24"]
[SourceVersion "1"]
[SourceVersionDate "2011.11.24"]
[SourceQuality "1"]
[WhiteTeam "Frankenthal"]
[BlackTeam "Landau"]
[WhiteTeamCountry "GER"]
[BlackTeamCountry "GER"]

1. Nf3 f5 2. e4 fxe4 3. Ng5 Nf6 4. d3 e3 5. Bxe3 e5 6. d4 exd4 7. Bxd4 Be7 8. Bd3 g6 9. 0-0 0-0 10. c4 Nc6 11. Bc3 d6 12. Qc2 Kg7 13. Re1 Bd7 14. Nd2 Qc8 15. Re3 h6 16. Nge4 Bf5 17. Nf3 Kf7 18. Nxf6 Bxf6 19. Bxf6 Kxf6 20. Qc3+ Kf7 21. Bxf5 Qxf5 22. Nd4 Nxd4 23. Qxd4 Kg8 24. Re7 Rf7 25. Rxf7 Qxf7 26. Re1 1/2-1/2

[Event "Oberliga Sued W 0809"]
[Site "Germany"]
[Date "2009.01.18"]
[Round "5.8"]
[White "Loos, Udo"]
[Black "Wintergerst, Johannes"]
[Result "0-1"]
[WhiteElo "2096"]
[BlackElo "2064"]
[PlyCount "65"]
[EventDate "2008.10.05"]
[EventType "team-tourn"]
[EventRounds "11"]
[EventCountry "GER"]
[SourceTitle "EXT 2012"]
[Source "ChessBase"]
[SourceDate "2011.11.24"]
[SourceVersion "1"]
[SourceVersionDate "2011.11.24"]
[SourceQuality "1"]
[WhiteTeam "Frankenthal"]
[BlackTeam "Bann"]
[WhiteTeamCountry "GER"]
[BlackTeamCountry "GER"]

1. c4 g6 2. Nc3 Bg7 3. g3 Nf6 4. Bg2 0-0 5. Nf3 d6 6. 0-0 e5 7. d3 Re8 8. Bg5 h6 9. Bxf6 Qxf6 10. Rb1 Nd7 11. b4 Qd8 12. b5 Nc5 13. a4 e4 14. Nxe4 Nxe4 15. dxe4 Rxe4 16. Rc1 Qe7 17. e3 a6 18. Nd2 Re5 19. e4 axb5 20. axb5 Qf6 21. f4 Re8 22. Nb3 Ra2 23. Rc2 Ra3 24. Qd3 Qe7 25. Rb1 f5 26. Re2 Kh8 27. Rbe1 Qf6 28. Qd1 Qc3 29. exf5 Rxe2 30. Qxe2 Bxf5 31. Qe8+ Kh7 32. g4 Bd7 33. Qe2 0-1

[Event "Oberliga Sued W 0809"]
[Site "Germany"]
[Date "2008.11.30"]
[Round "3.8"]
[White "Loos, Udo"]
[Black "Kopp, Bjoern"]
[Result "0-1"]
[WhiteElo "2096"]
[BlackElo "2399"]
[PlyCount "86"]
[EventDate "2008.10.05"]
[EventType "team-tourn"]
[EventRounds "11"]
[EventCountry "GER"]
[SourceTitle "EXT 2012"]
[Source "ChessBase"]
[SourceDate "2011.11.24"]
[SourceVersion "1"]
[SourceVersionDate "2011.11.24"]
[SourceQuality "1"]
[WhiteTeam "Frankenthal"]
[BlackTeam "Schwarzenbach"]
[WhiteTeamCountry "GER"]
[BlackTeamCountry "GER"]

1. c4 Nf6 2. Nf3 g6 3. Nc3 Bg7 4. g3 d6 5. Bg2 0-0 6. 0-0 Nc6 7. Rb1 e5 8. d3 a5 9. Bg5 h6 10. Bxf6 Bxf6 11. a3 Bg7 12. b4 axb4 13. axb4 f5 14. Nd5 Ne7 15. Nd2 c6 16. Ra1 Rxa1 17. Nxe7+ Qxe7 18. Qxa1 e4 19. Qa7 exd3 20. exd3 Qe2 21. Qe3 Qxe3 22. fxe3 Bc3 23. Nf3 Bxb4 24. Rb1 Ba5 25. Kf2 Re8 26. Nd4 Bc3 27. Nb3 Kf7 28. Ke2 Bf6 29. Na5 Re7 30. Kf2 g5 31. Bh3 Kg6 32. e4 Bd4+ 33. Kf1 g4 34. Bg2 Rf7 35. Ke2 f4 36. gxf4 Rxf4 37. Rf1 Rxf1 38. Kxf1 Be5 39. Kg1 Kg5 40. Nb3 c5 41. Nd2 Kf4 42. Nf1 Bd4+ 43. Kh1 Bf2 0-1

[Event "Oberliga Sued W 0708"]
[Site "Germany"]
[Date "2008.03.09"]
[Round "7.7"]
[White "Thieme Garmann, Alexander"]
[Black "Loos, Udo"]
[Result "1/2-1/2"]
[WhiteElo "2168"]
[BlackElo "2112"]
[PlyCount "45"]
[EventDate "2007.10.21"]
[EventType "team-tourn"]
[EventRounds "9"]
[EventCountry "GER"]
[SourceTitle "EXT 2009"]
[Source "ChessBase"]
[SourceDate "2008.11.26"]
[SourceVersion "1"]
[SourceVersionDate "2008.11.26"]
[SourceQuality "1"]
[WhiteTeam "Koblenz"]
[BlackTeam "Frankenthal"]
[WhiteTeamCountry "GER"]
[BlackTeamCountry "GER"]

1. e4 c5 2. Nf3 Nc6 3. Bb5 g6 4. 0-0 Bg7 5. c3 Nf6 6. Re1 0-0 7. h3 d5 8. e5 Ne8 9. d4 cxd4 10. cxd4 Qb6 11. Nc3 a6 12. Bf1 Nc7 13. a3 Bd7 14. b4 Nd8 15. Qb3 e6 16. Bg5 Re8 17. Rad1 Rc8 18. a4 Nc6 19. b5 Na5 20. Qb2 Na8 21. Rc1 Nc4 22. Qa1 Qa7 23. bxa6 1/2-1/2

[Event "Oberliga Sued W 0708"]
[Site "Germany"]
[Date "2007.10.21"]
[Round "1.8"]
[White "Gress, Alexander"]
[Black "Loos, Udo"]
[Result "0-1"]
[WhiteElo "2001"]
[BlackElo "2112"]
[PlyCount "44"]
[EventDate "2007.10.21"]
[EventType "team-tourn"]
[EventRounds "9"]
[EventCountry "GER"]
[SourceTitle "EXT 2009"]
[Source "ChessBase"]
[SourceDate "2008.11.26"]
[SourceVersion "1"]
[SourceVersionDate "2008.11.26"]
[SourceQuality "1"]
[WhiteTeam "Schwarzenbach"]
[BlackTeam "Frankenthal"]
[WhiteTeamCountry "GER"]
[BlackTeamCountry "GER"]

1. e4 c5 2. Nf3 Nc6 3. d4 cxd4 4. Nxd4 g6 5. Nc3 Bg7 6. Be3 Nf6 7. Bc4 Qa5 8. Nb3 Qb4 9. Nd2 Qxb2 10. Nb5 Ng4 11. Rb1 Nxe3 12. fxe3 Qe5 13. 0-0 0-0 14. Rf4 a6 15. Qf3 e6 16. Qh3 axb5 17. Nf3 Qc5 18. Rh4 Ne5 19. Rxb5 Nxf3+ 20. gxf3 Qxc4 21. Rg5 Qe2 22. Rxh7 Qxe3+ 0-1

[Event "Oberliga Sued W 0304"]
[Site "Germany"]
[Date "2004.02.15"]
[Round "6.8"]
[White "Rat, Dan Ovidiu"]
[Black "Loos, Udo"]
[Result "1/2-1/2"]
[WhiteElo "2316"]
[BlackElo "2102"]
[PlyCount "109"]
[EventDate "2003.10.12"]
[EventType "team"]
[EventRounds "9"]
[EventCountry "GER"]
[SourceTitle "EXT 2006"]
[Source "ChessBase"]
[SourceDate "2005.11.24"]
[SourceVersion "1"]
[SourceVersionDate "2005.11.24"]
[SourceQuality "1"]
[WhiteTeam "Trier"]
[BlackTeam "Frankenthal"]
[WhiteTeamCountry "GER"]
[BlackTeamCountry "GER"]

1. d4 d5 2. c4 e6 3. Nc3 Nf6 4. Nf3 Be7 5. Bg5 Nbd7 6. e3 0-0 7. Rc1 a6 8. b3 Re8 9. Bd3 c6 10. 0-0 b6 11. Qe2 Bb7 12. Bxf6 Bxf6 13. Qc2 g6 14. e4 c5 15. exd5 cxd4 16. Ne4 Nc5 17. Nxf6+ Qxf6 18. b4 Nxd3 19. Qxd3 exd5 20. c5 bxc5 21. Rxc5 Re4 22. Rfc1 Rae8 23. Rc7 Qb6 24. h3 R8e6 25. Kh2 Rc6 26. R7xc6 Bxc6 27. Ng5 Bb5 28. Qf3 Qd6+ 29. g3 Re7 30. Rc8+ Kg7 31. h4 d3 32. Nh3 Bd7 33. Rc3 d2 34. Rd3 Bxh3 35. Kxh3 Qe6+ 36. Kh2 Qe2 37. Kg2 Qe4 38. Rxd2 Qxb4 39. Rxd5 Qb7 40. Ra5 Qb6 41. Ra4 Rd7 42. Rf4 Qe6 43. h5 Qd5 44. Ra4 a5 45. hxg6 hxg6 46. g4 f5 47. gxf5 gxf5 48. Qxd5 Rxd5 49. Kf3 Kf6 50. Kf4 Rc5 51. f3 Rb5 52. a3 Rc5 53. Rd4 Rc3 54. Ra4 Rc5 55. Rd4 1/2-1/2

[Event "Bad Woerishofen op 16th"]
[Site "Bad Woerishofen"]
[Date "2000.03.20"]
[Round "4"]
[White "Loos, Udo"]
[Black "Erenska Barlo, Hanna"]
[Result "0-1"]
[WhiteElo "2107"]
[BlackElo "2250"]
[PlyCount "59"]
[EventDate "2000.03.??"]
[EventType "swiss"]
[EventRounds "9"]
[EventCountry "GER"]
[SourceTitle "CBM 075 Extra"]
[Source "ChessBase"]
[SourceDate "2000.05.11"]
[SourceVersion "2"]
[SourceVersionDate "2000.05.11"]
[SourceQuality "1"]

1. Nf3 Nf6 2. d4 d6 3. g3 c6 4. Bg2 Nbd7 5. 0-0 e5 6. dxe5 dxe5 7. b3 Qc7 8. Bb2 Bc5 9. e3 0-0 10. c4 Re8 11. Nc3 Nb6 12. Qc2 Bg4 13. Ne2 Bh5 14. Rad1 a5 15. Bc3 Ba3 16. Bb2 Bxb2 17. Qxb2 Nbd7 18. h3 e4 19. Nh4 Bxe2 20. Qxe2 g6 21. f4 Nc5 22. g4 Rad8 23. Rd4 Rxd4 24. exd4 Ne6 25. Qe3 Qd6 26. g5 Nh5 27. d5 cxd5 28. f5 Nef4 29. cxd5 Nxd5 30. fxg6 0-1

[Event "Bad Woerishofen op 16th"]
[Site "Bad Woerishofen"]
[Date "2000.03.18"]
[Round "2"]
[White "Loos, Udo"]
[Black "Florea, Dan"]
[Result "0-1"]
[WhiteElo "2107"]
[BlackElo "2274"]
[PlyCount "36"]
[EventDate "2000.03.??"]
[EventType "swiss"]
[EventRounds "9"]
[EventCountry "GER"]
[SourceTitle "CBM 075 Extra"]
[Source "ChessBase"]
[SourceDate "2000.05.11"]
[SourceVersion "2"]
[SourceVersionDate "2000.05.11"]
[SourceQuality "1"]

1. Nf3 Nf6 2. g3 c5 3. Bg2 d5 4. 0-0 Nc6 5. d4 e6 6. c3 Bd6 7. Nbd2 0-0 8. Re1 cxd4 9. cxd4 Qb6 10. e3 Bd7 11. a3 Rfc8 12. Bf1 a5 13. Bd3 Na7 14. Ne5 Bb5 15. Bc2 Qc7 16. Ba4 Bxe5 17. Bxb5 Nxb5 18. dxe5 Qxe5 0-1